OSI reference model for telecommunications

Guardat en:
Dades bibliogràfiques
Autor principal: Wetteroth, Debbra (Autor)
Format: Llibre
Idioma:anglès
Publicat: Nueva York McGraw-Hill 2002
Matèries:
Etiquetes: Afegir etiqueta
Sense etiquetes, Sigues el primer a etiquetar aquest registre!

MARC

LEADER 00000cam a2200000 a 4500
001 UCG8819
003 CL-VaPUC
008 120106e20020000US |||||||||||||||||eng|d
020 |a 0071380418 
082 0 4 |a 621.3821  |b WET  |2 21 
100 0 |a Wetteroth, Debbra  |e author  |9 560007 
245 1 0 |a OSI reference model for telecommunications 
300 |a 396 p 
942 |c BK 
945 |d 20120106 00:00:00  |a cmena 
260 |a Nueva York  |b McGraw-Hill  |c 2002 
650 0 |a Telecomunicaciones   |9 257195 
650 0 |a Modelos matemáticos   |9 259437 
650 7 |a PROTOCOLOS  |2 CL-VaPUC  |9 386841 
650 0 |a Comunicación digital   |9 260754 
583 |a last modification  |c 20120106 11:45:00  |k Rodrigo Vera 
999 |c 346407  |d 346405 
952 |0 0  |1 0  |4 0  |6 621_382100000000000_WET_2002  |7 0  |8 A  |9 447090  |a BIBING  |b BIBING  |d 2019-11-22  |i 4832280  |o 621.3821 WET 2002  |p 4832280  |r 2025-01-20  |w 2019-11-22  |y BK  |k EIE